Which movies did Rob Reiner direct? - Statistics

General Stats
  • This quiz has been taken 4 times
  • The average score is 7 of 9
Answer Stats
Question Tile Select % Correct
The movies Rob Reiner directed Robin Hood Men in Tights No
100%
The movies Rob Reiner directed The princess bride Yes
100%
The movies Rob Reiner directed The Shining No
100%
The movies Rob Reiner directed When Harry Met Sally Yes
100%
The movies Rob Reiner directed Young Frankenstein No
100%
The movies Rob Reiner directed Spaceballs No
67%
The movies Rob Reiner directed This is spinal tap Yes
67%
The movies Rob Reiner directed Misery Yes
33%
The movies Rob Reiner directed The sure thing Yes
33%
No matching quizzes found
Score Distribution
Percent of People with Each Score
Percentile by Number Answered
Your Score History
You have not taken this quiz